| 000 | 00678cab a2200217 4500 | ||
|---|---|---|---|
| 001 | WB2648-09 | ||
| 008 | 090401t1990 xxu||||| |||| 00| 0 eng d | ||
| 035 | _a(Sirsi) u40764 | ||
| 041 | _aeng | ||
| 245 | _aScience park success | ||
| 260 | _c1990 | ||
| 350 | _a0 | ||
| 490 |
_aChartered Surveyor Weekly _vvol 33 no 10 6/12/90 p20 |
||
| 520 | _aA report from the UK Science Park Association claims that Britain`s 39 science parks now have over four million square feet of completed business and research space. | ||
| 650 | _aBUSINESS SPACE | ||
| 650 | _aFLOORSPACE | ||
| 650 | _aTAKEUP | ||
| 690 | _aPROPERTY-COMMERCIAL PROPERTY | ||
| 942 | _n0 | ||
| 948 | _c04/03/1997 | ||
| 999 |
_c26124 _d26124 |
||